000
00364nam a2200169Ia 4500
003
0STCL
008
150530s9999 xx 000 0 und d
040
_a
STCL
_c
STCL
100
_a
Cole, G.D.H.
245
_a
Labour in the commonwealth
250
_a
First
260
_c
1920
546
_a
English
942
_2
ddc
_c
BK
999
_c
8837
_d
8837
005
20220125165516.0